Fundamental concepts in law of contract

محفوظ في:
التفاصيل البيبلوغرافية
المؤلف الرئيسي: Rao, Meena
مؤلفون آخرون: Singh, Avtar
التنسيق: كتاب
منشور في: Mumbai : Professional Offset, c1998.
الطبعة:2nd ed.
الموضوعات:
الوسوم: إضافة وسم
لا توجد وسوم, كن أول من يضع وسما على هذه التسجيلة!

MARC

LEADER 00000nam a2200000 4500
020 |a NA 
040 |a MUL  |b eng.  |e AACR 
082 |a 346.02 RAO 
100 |a Rao, Meena 
245 |a Fundamental concepts in law of contract  |c / Meena Rao and Avtar Singh 
250 |a 2nd ed. 
260 |a Mumbai :  |b Professional Offset,  |c c1998. 
300 |a x, 253 p. :  |c 24 cm. 
504 |a Includes references 
546 |a eng. 
650 |a Modern law of contract  
650 |a Phenomena of agreement 
700 |a Singh, Avtar 
942 |c BK 
999 |c 1229  |d 1229